<?xml version="1.0" encoding="UTF-8"?>
<collection xmlns="http://www.loc.gov/MARC21/slim">
 <record>
  <leader>     na                 </leader>
  <controlfield tag="001">INLIS000000000019214</controlfield>
  <controlfield tag="005">20160803095346</controlfield>
  <datafield tag="035" ind1=" " ind2=" ">
   <subfield code="a">0010-0816000045</subfield>
  </datafield>
  <controlfield tag="007">ta</controlfield>
  <controlfield tag="008">160803                g          0 ind  </controlfield>
  <datafield tag="020" ind1=" " ind2=" ">
   <subfield code="a">978-602-300-243-6</subfield>
  </datafield>
  <datafield tag="082" ind1=" " ind2=" ">
   <subfield code="a">959.801</subfield>
  </datafield>
  <datafield tag="084" ind1=" " ind2=" ">
   <subfield code="a">959.801 KRI d</subfield>
  </datafield>
  <datafield tag="100" ind1="0" ind2=" ">
   <subfield code="a">Krisna Bayu Adji</subfield>
  </datafield>
  <datafield tag="245" ind1="1" ind2=" ">
   <subfield code="a">Di Balik Pesona dan Sisi Kelam MAJAPAHIT :</subfield>
   <subfield code="b">Sebuah Catatan Sejarah yang Tercecer dan Disembunyikan /</subfield>
   <subfield code="c">Krisna Bayu Adji</subfield>
  </datafield>
  <datafield tag="250" ind1=" " ind2=" ">
   <subfield code="a">Cet. 1</subfield>
  </datafield>
  <datafield tag="260" ind1=" " ind2=" ">
   <subfield code="a">Yogyakarta :</subfield>
   <subfield code="b">Araska,</subfield>
   <subfield code="c">2016</subfield>
  </datafield>
  <datafield tag="300" ind1=" " ind2=" ">
   <subfield code="a">256 hlm. ;</subfield>
   <subfield code="c">21 cm.</subfield>
  </datafield>
  <datafield tag="650" ind1=" " ind2=" ">
   <subfield code="a">Kerajaan Majapahit</subfield>
  </datafield>
  <datafield tag="990" ind1=" " ind2=" ">
   <subfield code="a">0615/KPADBWI/2016</subfield>
  </datafield>
  <datafield tag="990" ind1=" " ind2=" ">
   <subfield code="a">0616/KPADBWI/2016</subfield>
  </datafield>
  <datafield tag="990" ind1=" " ind2=" ">
   <subfield code="a">0616/KPADBWI/2016</subfield>
  </datafield>
  <datafield tag="990" ind1=" " ind2=" ">
   <subfield code="a">0616/KPADBWI/2016</subfield>
  </datafield>
  <datafield tag="990" ind1=" " ind2=" ">
   <subfield code="a">0616/KPADBWI/2016</subfield>
  </datafield>
  <datafield tag="990" ind1=" " ind2=" ">
   <subfield code="a">0010615/KPADBWI/2016</subfield>
  </datafield>
  <datafield tag="990" ind1=" " ind2=" ">
   <subfield code="a">0010616/KPADBWI/2016</subfield>
  </datafield>
  <datafield tag="990" ind1=" " ind2=" ">
   <subfield code="a">0010617/KPADBWI/2016</subfield>
  </datafield>
  <datafield tag="990" ind1=" " ind2=" ">
   <subfield code="a">0010618/KPADBWI/2016</subfield>
  </datafield>
  <datafield tag="990" ind1=" " ind2=" ">
   <subfield code="a">0010619/KPADBWI/2016</subfield>
  </datafield>
  <datafield tag="990" ind1=" " ind2=" ">
   <subfield code="a">0010617/KPADBWI/2016</subfield>
  </datafield>
  <datafield tag="990" ind1=" " ind2=" ">
   <subfield code="a">0010615/KPADBWI/2016</subfield>
  </datafield>
  <datafield tag="990" ind1=" " ind2=" ">
   <subfield code="a">0010616/KPADBWI/2016</subfield>
  </datafield>
  <datafield tag="990" ind1=" " ind2=" ">
   <subfield code="a">0010618/KPADBWI/2016</subfield>
  </datafield>
  <datafield tag="990" ind1=" " ind2=" ">
   <subfield code="a">0010619/KPADBWI/2016</subfield>
  </datafield>
 </record>
</collection>
